| 000 | 00584nam a2200217Ia 4500 | ||
|---|---|---|---|
| 003 | OSt | ||
| 005 | 20230405142853.0 | ||
| 008 | 210423s1968 xx 000 0 und d | ||
| 020 | _a978-0-521-09807-6 | ||
| 040 | _cAL | ||
| 041 | _aeng | ||
| 082 |
_a512.4 _223 _bNORL |
||
| 100 |
_aNORTHCOTT (D G) _983420 |
||
| 245 | _aLessons on rings modules and multiplicities | ||
| 260 |
_aDelhi _bCambridge University Press _c1968 |
||
| 300 |
_axiv,444 _bPB |
||
| 365 |
_b4660 _cGBP |
||
| 650 |
_aAlgebra _983421 |
||
| 906 | _aLessons ; modules ; multiplicities ; rings | ||
| 942 |
_2ddc _cBK |
||
| 999 |
_c169145 _d169145 |
||